000 00781cam a22002412 4500
001 0000000295
005 20151021151044.0
008 070122s xx 000 0 eng d
020 _a8129702282 :
_cKES 3,800
040 _aKABU
_cKABU
050 0 _aQA76.9
_b.D3E46 2004
100 1 _aElmasri, Ramez.
_@0000148410
245 1 0 _aFundamentals of database systems /
_cRamez Elmasri, Shamkant B. Navathe.
250 _a4th ed.
260 _aDelhi :
_bPearson Educ.,
_c2004.
300 _a1010 p.
650 0 _aDatabase management.
_@0000148184
700 1 _aNavathe, Shamkant B.
_@0000148411
908 _a070122
950 _@1
999 _c154
_d154